LEADER 01992oam 2200457 450 001 9910704718803321 005 20130819153048.0 035 $a(CKB)5470000002444540 035 $a(OCoLC)856021763 035 $a(EXLCZ)995470000002444540 100 $a20130819d2012 ua 0 101 0 $aeng 135 $aur||||||||||| 181 $ctxt$2rdacontent 182 $cc$2rdamedia 183 $acr$2rdacarrier 200 10$aCultural property $eagreement between the United States of America and Mali, signed at Washington, September 19, 1997 with appendix, and agreement extending the agreement, effected by exchange of notes at Bamako, September 11 and 17, 2002, and agreement extending the agreement, as extended, effected by exchange of notes at Bamako, September 11 and 17, 2007 210 1$a[Washington, D.C.] :$cUnited States Department of State,$d[2012?] 215 $a1 online resource (27 unnumbered pages) 225 1 $aTreaties and other international acts series ;$v97-919 300 $aTitle from title screen (viewed on August 19, 2013). 517 $aCultural property 606 $aCultural property$xProtection$xLaw and legislation$zUnited States 606 $aCultural property$xProtection$xLaw and legislation$zMali 606 $aCustoms administration$xLaw and legislation$zMali 606 $aCustoms administration$xLaw and legislation$zUnited States 607 $aNiger River Valley$xAntiquities 607 $aBandiagara Caves (Mali)$xAntiquities 615 0$aCultural property$xProtection$xLaw and legislation 615 0$aCultural property$xProtection$xLaw and legislation 615 0$aCustoms administration$xLaw and legislation 615 0$aCustoms administration$xLaw and legislation 712 02$aUnited States, 712 02$aUnited States.$bDepartment of State, 801 0$bGPO 801 1$bGPO 801 2$bGPO 906 $aBOOK 912 $a9910704718803321 996 $aCultural property$93439492 997 $aUNINA LEADER 03697nam 22006255 450 001 9910855376103321 005 20240501103404.0 010 $a9783031557958 024 7 $a10.1007/978-3-031-55795-8 035 $a(CKB)31801405400041 035 $a(MiAaPQ)EBC31313090 035 $a(Au-PeEL)EBL31313090 035 $a(DE-He213)978-3-031-55795-8 035 $a(EXLCZ)9931801405400041 100 $a20240430d2024 u| 0 101 0 $aeng 135 $aur||||||||||| 181 $ctxt$2rdacontent 182 $cc$2rdamedia 183 $acr$2rdacarrier 200 10$aAdministrative Law for the 21st Century $eAdministrative Law on an Illiberal and Post-Democratic Context /$fby Suzana Tavares da Silva 205 $a1st ed. 2024. 210 1$aCham :$cSpringer Nature Switzerland :$cImprint: Springer,$d2024. 215 $a1 online resource (106 pages) 311 08$a9783031557941 327 $a1. The "idea" of administrative law -- 2.The theoretical and legal-institutional context -- 3. The "options" of administrative law -- 4.The "return" of "authoritative" administrative law -- The role of "concerted administrative law" -- 6. State responsibility,- 7. The control of administrative activity. 8. Conclusions. 330 $aThe book provides a discursive reflection on the current challenges facing administrative law, based on a key idea: the defence of the liberal model of society. The author describes the content of her book as a turning point on the traditional standards of the rule of law and the way it impacts on the administrative state and administrative law. Considering the current use (and abuse) of emergency law by governments ? based on economic crisis, environmental crisis, pandemic, and the economic situation caused by the Ukraine war ? she devises a different balance or equilibrium on the usual separation of powers. Many reasons contribute to this turning point: i) the weaknesses of an open society easily swayed by social networks; ii) social ?tribalism? replaces common good and general interest; iii) social tribalism leads to illiberal society, which causes illiberal democracies; iv) illiberal democracies lead to ungovernability which reinforces the role of the government, the emergency law, and some de facto measures. The author looks at many recent decisions from the ECJ and the ECHR and some constitutional and administrative courts, which extends the interest of this work to a wide range of professionals, from scholars to students, from judges to lawyers, filling the gap from an administrative law perspective of the current issues. 606 $aAdministrative law 606 $aLaw$xPhilosophy 606 $aLaw$xHistory 606 $aConflict of laws 606 $aConflict of laws 606 $aInternational law 606 $aComparative law 606 $aAdministrative Law 606 $aTheories of Law, Philosophy of Law, Legal History 606 $aPrivate International Law, International and Foreign Law, Comparative Law 615 0$aAdministrative law. 615 0$aLaw$xPhilosophy. 615 0$aLaw$xHistory. 615 0$aConflict of laws. 615 0$aConflict of laws. 615 0$aInternational law. 615 0$aComparative law. 615 14$aAdministrative Law. 615 24$aTheories of Law, Philosophy of Law, Legal History. 615 24$aPrivate International Law, International and Foreign Law, Comparative Law. 676 $a342 700 $aTavares da Silva$b Suzana$01737594 801 0$bMiAaPQ 801 1$bMiAaPQ 801 2$bMiAaPQ 912 $a9910855376103321 996 $aAdministrative Law for the 21st Century$94159581 997 $aUNINA